Statistics for Hunger Games Trivia

Click here to take the quiz!

General Stats

  • This quiz has been taken 31,532 times
    (31,509 since last reset)
  • The average score is 17 of 25

Answer Stats

Hint Answer % Correct
Main characterKatniss Everdeen
99%
How many districts compete in the games?12
97%
Katniss's younger sisterPrimrose
93%
Katniss's "partner" in the games; Baker's sonPeeta Mellark
93%
Katniss's friend whom she
hunts with
Gale Hawthorne
88%
Third bookMockingjay
87%
Which district was "destroyed" by the Capitol13
87%
Second book in the seriesCatching Fire
85%
Actor who plays Katniss in the new movieJennifer Lawrence
85%
President of the Capitol's nameCoriolanus Snow
84%
Post-apocalyptic country namePanem
77%
Katniss's drunken mentorHaymitch Abernathy
77%
What Katniss's dad worked to harvestcoal
73%
The Mayor's daughter gives a ___ to Katnisspin
71%
Nickname Gale gives KatnissCatnip
71%
12-year-old Katniss develops an alliance withRue
70%
Author's NameSuzanne Collins
67%
Katniss's head stylistCinna
63%
Television host's nameCaesar Flickerman
53%
Poison Katniss almost uses to commit suicideNightlock
48%
Prim's cat's nameButtercup
43%
Mayor's daughterMadge Undersee
35%
Old woman who sells soup at the HobGreasy Sae
32%
The slums of district 12 are calledThe seam
28%
Prim's goat's nameLady
28%

Score Distribution

Percentile by Number Answered

Percent of People with Each Score

Your Score History

You have not taken this quiz since the last reset